La política económica en los tiempos de crisis : (Record no. 185871)
[ view plain ]
| 000 -LEADER | |
|---|---|
| campo de control de longitud fija | 00802nam a2200205 i 4500 |
| 001 - NÚMERO DE CONTROL | |
| campo de control | 185871 |
| 003 - IDENTIFICADOR DE NÚMERO DE CONTROL | |
| campo de control | ES-MaACL |
| 005 - FECHA Y HORA DE LA ÚLTIMA TRANSACCIÓN | |
| campo de control | 20230906222532.0 |
| 008 - DATOS DE LONGITUD FIJA--INFORMACIÓN GENERAL | |
| campo de control de longitud fija | 160817s1940 sp |||| | spa d |
| 100 1# - ENTRADA PRINCIPAL--NOMBRE DE PERSONA | |
| Nombre de persona | Tallada Paulí, Josep María. |
| 9 (RLIN) | 109126 |
| 245 13 - MENCIÓN DEL TÍTULO | |
| Título | La política económica en los tiempos de crisis : |
| Resto del título | cursillo profesado en la Universidad de Salamanca durante el ejercicio académico 1937-1938 / |
| Mención de responsabilidad, etc. | José M. Tallada Pauli. |
| 260 ## - PUBLICACIÓN, DISTRIBUCIÓN, ETC. | |
| Lugar de publicación, distribución, etc. | Barcelona : |
| Nombre del editor, distribuidor, etc. | Bosch, |
| Fecha de publicación, distribución, etc. | 1940. |
| 300 ## - DESCRIPCIÓN FÍSICA | |
| Extensión | VII, 130 p. ; |
| Dimensiones | 23 cm. |
| 490 1# - MENCIÓN DE SERIE | |
| Mención de serie | Cuadernos de estudios económicos y sociales ; |
| Designación de volumen o secuencia | 2 |
| 650 #4 - PUNTO DE ACCESO ADICIONAL DE MATERIA--TÉRMINO DE MATERIA | |
| Término de materia o nombre geográfico como elemento de entrada | Crisis económicas. |
| 9 (RLIN) | 11421 |
| 710 2# - ENTRADA AGREGADA--NOMBRE DE ENTIDAD CORPORATIVA | |
| Nombre de entidad corporativa o nombre de jurisdicción como elemento de entrada | Universidad de Salamanca. |
| 9 (RLIN) | 7275 |
| 830 1# - PUNTO DE ACCESO ADICIONAL DE SERIE-TÍTULO UNIFORME | |
| Título uniforme | Cuadernos de estudios económicos y sociales ; |
| Designación de volumen o secuencia | 2 |
| 9 (RLIN) | 192419 |
| 852 ## - LOCALIZACIÓN | |
| Ubicación | ES-MaACL |
| Número de control de estantería | C-8129 |
| Estatus retirado | Estado de pérdida | Estado de daño | No para préstamo | Biblioteca de origen | Biblioteca actual | Ubicación en estantería | Fecha de adquisición | Fuente de adquisición | Total de préstamos | Signatura topográfica completa | Código de barras | Visto por última vez | Precio de reemplazo | Tipo de ítem Koha |
|---|---|---|---|---|---|---|---|---|---|---|---|---|---|---|
| Biblioteca del Ateneo de Madrid | Biblioteca del Ateneo de Madrid | Sala Palomar | 17/08/2016 | C-8129 | 1195931 | 23/02/2023 | 23/02/2023 | Libro impreso |
